000 00717nam a2200289Ia 4500
005 20260324134955.0
008 008 260324s9999 xx 000 0 eng d
020 _a9781315190303
037 _aEBOOK
040 _aCRL
040 _beng
040 _cCRL
041 _2eng
041 _aeng
084 _qCRL
100 _aSandra Lavenex
_91198858
245 0 _aRevival: The Europeanisation of Refugee Policies (2001)
245 0 _bBetween Human Rights and Internal Security
260 _bTaylor and Francis
260 _c2001
365 _a
365 _b180
856 _uhttp://www.taylorfrancis.com/books/9781315190303
942 _cEBOOK
999 _c1799479
_d1799479